[Event "Porto Alegre op"]
[Site "Porto Alegre"]
[Date "2017.11.24"]
[Round "1"]
[White "Schmidt, Nelton Vantuir"]
[Black "Fonseca, Luis Ernesto Serra"]
[Result "0-1"]
[WhiteElo "1820"]
[BlackElo "1993"]
[PlyCount "66"]
[EventDate "2017.11.24"]
[EventType "swiss"]
[EventRounds "5"]
[EventCountry "BRA"]
[SourceTitle "CBM 181 Extra"]
[Source "ChessBase"]
[SourceDate "2017.12.12"]
[SourceVersion "1"]
[SourceVersionDate "2017.12.12"]
[SourceQuality "1"]

1. d4 Nf6 2. e3 d5 3. h3 Bf5 4. Bd3 e6 5. Bxf5 exf5 6. a3 Bd6 7. Nf3 Nbd7 8. Qd3 g6 9. c4 c6 10. cxd5 cxd5 11. 0-0 0-0 12. Qb3 Nb6 13. Nc3 Rc8 14. Nd2 Re8 15. Qd1 Ne4 16. Ndxe4 fxe4 17. g3 h5 18. h4 Re6 19. Kg2 Bb8 20. Qe2 Qd6 21. Nb5 Qd7 22. Nc3 Rxc3 23. bxc3 Rf6 24. f4 exf3+ 25. Rxf3 Qg4 26. Bd2 Bxg3 27. Rxf6 Qxe2+ 28. Kxg3 Qxd2 29. Raf1 Qxe3+ 30. R6f3 Qe6 31. Rxf7 Qxf7 32. Rxf7 Kxf7 33. Kf4 Kf6 0-1